000 00617nam a2200193Ia 4500
003 GCL
008 140319s9999 xx 000 0 ara d
040 _aGCL /
_cGCL
082 0 4 _a320.54
_bع و
100 1 _aعبدالاله بلقزيز
245 1 0 _aالوحدة العربية: اليوتوبيا والواقع /
_cعبدالاله بلقزيز
260 _a[S.N] :
_bدار سعاد الصباح
490 _a
650 0 4 _aالعالم العربى
650 0 4 _aالاحوال السياسية
650 0 4 _aالوحدة العربية
650 0 4 _aالقومية العربية
942 _2ddc
_cBK
999 _c30457
_d30457